[Event "Madrid op3"]
[Site "Madrid"]
[Date "2005.10.23"]
[Round "9"]
[White "Martin Blanco, Fernando"]
[Black "Gonzalez Sanchez, Jonathan"]
[Result "1-0"]
[WhiteElo "2105"]
[BlackElo "1811"]
[PlyCount "39"]
[EventDate "2005.10.07"]
[EventType "swiss"]
[EventRounds "9"]
[EventCountry "ESP"]
[SourceTitle "EXT 2006"]
[Source "ChessBase"]
[SourceDate "2005.11.24"]
[SourceVersion "1"]
[SourceVersionDate "2005.11.24"]
[SourceQuality "1"]

1. e4 c5 2. c3 d6 3. d4 cxd4 4. cxd4 Nf6 5. Nc3 g6 6. Nf3 Bg7 7. Be2 0-0 8. 0-0 e5 9. dxe5 dxe5 10. Qb3 Nc6 11. Bg5 Nd4 12. Nxd4 Qxd4 13. Rfd1 Qc5 14. Rac1 Be6 15. Nd5 Bxd5 16. exd5 Qb6 17. Qa3 Ne4 18. Be3 Qd6 19. Qd3 Qa6 20. Qc2 1-0